00603nam a22001932 4500001001100000005001700011008004100028020001700069040001500086100003600101245008200137250001300219260003000232300001900262650005400281650003500335700003600370852000300406000001271720151217152113.0090316s xx 000 0 eng d a1423901303 : aKABUcKABU1 aWhitman, Michael E.@000016962210aManagement of information security /cMichael E. Whitman, Herbert J. Mattord. a2nd ed. aBoston :bThomson,c2008. axxiii, 576 p. 0aComputer networksxSecurity measures.@0000148224 0aComputer security.@00001481771 aMattord, Herbert J.@00001696231